000 00527nam a2200217Ia 4500
003 OSt
005 20220923230315.0
006 a|||||r|||| 00| 0
007 ta
008 Pun
024 _a279,283
037 _cTextual
040 _aARTS
_cARTS
_bPun
041 _2Pun
_aPun
082 _aO153,1NPRx, M1
245 0 _aਲਿਖਤੁਮ ਪਰਮਿੰਦਰਜੀਤ
260 _c1981
650 _aਪੰਜਾਬੀ ਸਾਹਿਤ
942 _hO153,1NPRx, M1
_cTEXL
_2CC
999 _c383826
_d383826